Taiwan Cities/Townships Quiz (with map) - Statistics

General Stats
  • This quiz has been taken 205 times
  • The average score is 38 of 207
Answers on the Map
Answers color-coded by a green-red scale on the quiz's map according to % correct below.
 
Answer Stats
County Answer % Correct
Special City Taipei
96%
Special City Kaohsiung
85%
Special City Taichung
84%
Special City Tainan
84%
Special City New Taipei
82%
Hualien County Hualien
75%
Autonomous City Hsinchu
70%
Special City Taoyuan
67%
Autonomous City Keelung
65%
Yilan County Yilan
65%
Autonomous City Chiayi
62%
Taitung County Taitung
61%
Pingtung County Pingtung
59%
Nantou County Nantou
57%
Miaoli County Miaoli
56%
Changhua County Changhua
55%
Yunlin County Douliu
30%
Nantou County Puli
30%
Chiayi County Alishan
28%
Taitung County Ludao
28%
Taitung County Lanyu
26%
Yilan County Su'ao
26%
Hsinchu County Zhubei
26%
Miaoli County Zhunan
26%
Miaoli County Toufen
24%
Miaoli County Yuanli
24%
Lienchiang County Beigan
23%
Pingtung County Hengchun
23%
Hualien County Yuli
23%
Nantou County Jiji
22%
Changhua County Yuanlin
22%
Pingtung County Chaozhou
21%
Penghu County Magong
21%
Nantou County Sinyi
21%
Taitung County Taimali
21%
Pingtung County Donggang
20%
Yunlin County Gukeng
19%
Yunlin County Huwei
19%
Yilan County Jiaoxi
19%
Yilan County Luodong
19%
Yilan County Nan'ao
19%
Chiayi County Taibao
19%
Hsinchu County Zhudong
19%
Chiayi County Budai
18%
Nantou County Caotun
18%
Yunlin County Dounan
18%
Changhua County Lukang
18%
Chiayi County Minxiong
18%
Lienchiang County Nangan
18%
Nantou County Ren-ai
18%
Changhua County Fenyuan
17%
Miaoli County Houlong
17%
Taitung County Beinan
16%
Taitung County Changbin
16%
Pingtung County Checheng
16%
Taitung County Chenggong
16%
Taitung County Chishang
16%
Pingtung County Fangliao
16%
Hualien County Guangfu
16%
Hsinchu County Guanxi
16%
Hualien County Ji'an
16%
Kinmen County Jincheng
16%
Hualien County Ruisui
16%
Miaoli County Sanyi
16%
Pingtung County Shizi
16%
Yunlin County Taisi
16%
Yunlin County Beigang
15%
Yilan County Datong
15%
Taitung County Dawu
15%
Pingtung County Fangshan
15%
Taitung County Guanshan
15%
Hsinchu County Hukou
15%
Nantou County Jhushan
15%
Yunlin County Mailiao
15%
Penghu County Qimei
15%
Yunlin County Xiluo
15%
Chiayi County Xingang
15%
Hualien County Xiulin
15%
Chiayi County Dalin
14%
Changhua County Ershui
14%
Hualien County Fenglin
14%
Pingtung County Gaoshu
14%
Taitung County Haiduan
14%
Pingtung County Liuqiu
14%
Taitung County Luye
14%
Nantou County Mingjian
14%
Chiayi County Puzi
14%
Changhua County Shetou
14%
Hualien County Shoufeng
14%
Nantou County Shuili
14%
Miaoli County Tai'an
14%
Miaoli County Tongxiao
14%
Yilan County Toucheng
14%
Chiayi County Zhuqi
14%
Penghu County Baisha
13%
Changhua County Dacun
13%
Chiayi County Dapu
13%
Taitung County Donghe
13%
Yilan County Dongshan
13%
Chiayi County | Yunlin County Dongshi
13%
Hualien County Fengbin
13%
Nantou County Guosing
13%
Changhua County Huatan
13%
Kinmen County Jinsha
13%
Pingtung County Mudan
13%
Pingtung County Sandimen
13%
Yilan County Sanxing
13%
Chiayi County Shuishang
13%
Yunlin County Sihu
13%
Changhua County Tianzhong
13%
Yunlin County Tuku
13%
Pingtung County Wandan
13%
Pingtung County Wanluan
13%
Hsinchu County Wufeng
13%
Pingtung County Wutai
13%
Changhua County | Miaoli County Xihu
13%
Hsinchu County Xinfeng
13%
Penghu County Xiyu
13%
Nantou County Yuchi
13%
Yilan County Zhuangwei
13%
Hualien County Zhuoxi
13%
Taitung County Daren
12%
Changhua County Erlin
12%
Changhua County Fangyuan
12%
Hualien County Fuli
12%
Changhua County Fuxing
12%
Miaoli County Gongguan
12%
Changhua County Hemei
12%
Hsinchu County Jianshi
12%
Pingtung County Laiyi
12%
Kinmen County Lieyu
12%
Pingtung County Linbian
12%
Yunlin County Lunbei
12%
Pingtung County Neipu
12%
Hualien County Wanrong
12%
Hualien County Xincheng
12%
Nantou County Zhongliao
12%
Chiayi County Zhongpu
12%
Miaoli County Zhuolan
12%
Changhua County Beidou
11%
Hsinchu County Beipu
11%
Pingtung County Chunri
11%
Changhua County Dacheng
11%
Lienchiang County Dongyin
11%
Hsinchu County Emei
11%
Hsinchu County Hengshan
11%
Penghu County Huxi
11%
Taitung County Jinfeng
11%
Kinmen County Jinhu
11%
Pingtung County Jiuru
11%
Pingtung County Kanding
11%
Yunlin County Kouhu
11%
Pingtung County Ligang
11%
Yunlin County Linnei
11%
Nantou County Lugu
11%
Pingtung County Manzhou
11%
Chiayi County Meishan
11%
Miaoli County Nanzhuang
11%
Changhua County Puyan
11%
Changhua County Shengang
11%
Pingtung County Taiwu
11%
Miaoli County Tongluo
11%
Penghu County Wang'an
11%
Yilan County Wujie
11%
Hsinchu County Xinpu
11%
Taitung County Yanping
11%
Pingtung County Yanpu
11%
Chiayi County Yizhu
11%
Yilan County Yuanshan
11%
Pingtung County Changzhi
10%
Miaoli County Dahu
10%
Yunlin County Erlun
10%
Pingtung County Jiadong
10%
Miaoli County Sanwan
10%
Hsinchu County Baoshan
9%
Yunlin County Baozhong
9%
Yunlin County Citong
9%
Yunlin County Dapi
9%
Chiayi County Fanlu
9%
Kinmen County Jinning
9%
Lienchiang County Juguang
9%
Pingtung County Linluo
9%
Chiayi County Lioujiao
9%
Chiayi County Lucao
9%
Pingtung County Majia
9%
Pingtung County Nanzhou
9%
Changhua County Puxin
9%
Hsinchu County Qionglin
9%
Miaoli County Shitan
9%
Changhua County Tianwei
9%
Miaoli County Touwu
9%
Kinmen County Wuqiu
9%
Pingtung County Xinyuan
9%
Changhua County Xiushui
9%
Changhua County Xizhou
9%
Changhua County Yongjing
9%
Yunlin County Yuanchang
9%
Changhua County Zhutang
9%
Pingtung County Zhutian
9%
Changhua County Pitou
8%
Yunlin County Shuilin
8%
Changhua County Xianxi
8%
Chiayi County Xikou
8%
Pingtung County Xinpi
8%
Miaoli County Zaoqiao
8%
No matching quizzes found
Score Distribution
Percent of People with Each Score
Percentile by Number Answered
Your Score History
You have not taken this quiz